01570 a2200265 4500003000500000005001700005010001600022020003300038040000900071082001500080100003200095245013000127260005000257300002900307490014400336505030300480650003400783830007700817830007600894856008900970856009001059942001301149999001901162952012301181Nust20230103120244.0 a 95021972 a0792396138 (acid-free paper) cNust00a629.89,GUP1 aGupta, Rajesh Kumar,97680110aCo-synthesis of hardware and software for digital embedded systems /cRajesh Kumar Gupta ; [foreword by Giovanni De Micheli]. aBoston :bKluwer Academic Publishers,cc1995. a266 p. :bill. ;c25 cm.1 aThe Kluwer international series in engineering and computer science ;vSECS 329.aVLSI, computer architecture and digital signal processing aIntroduction (Page-1), Related Work (Page-21), Systems Modeling (Page-33), Constraint Analysis (Page-71), Software and Runtime Environment (Page-125), Systems Partitioning (Page-177), Systems Implementation (Page-199), Example and Results (Page-221), Summary, Conclusion and Future Work (Page-235). 0aTelecommunication engineering 0aKluwer international series in engineering and computer science ;982222 0aKluwer international series in engineering and computer science.982222423Publisher descriptionuhttp://www.loc.gov/catdir/enhancements/fy0820/95021972-d.html423Table of contents onlyuhttp://www.loc.gov/catdir/enhancements/fy0820/95021972-t.html cREF2ddc c174757d174757 00102ddc4070aMCSbMCScGENd2016-12-12o629.89,GUPpMCS5615r2016-12-08w2016-12-12yBKzAlmirah No.42, Shelf No.1